| 000 | 00375cam a2200169 4500 | ||
|---|---|---|---|
| 001 | D12350 | ||
| 008 | 090401t1907 xxu||||| |||| 00| 0 eng d | ||
| 035 | _a(Sirsi) u2796 | ||
| 041 | _aeng | ||
| 110 |
_aCassell _9297 |
||
| 245 | _aCassell`s guide to London | ||
| 260 |
_aLondon _bCassell _c1907 |
||
| 350 | _a0 | ||
| 520 | _aShelf 152 | ||
| 942 | _n0 | ||
| 948 | _c04/03/1997 | ||
| 999 |
_c85811 _d85811 |
||